<?xml version="1.0" encoding="UTF-8"?>
<marc:record xmlns:marc="http://www.loc.gov/MARC21/slim">
   <marc:leader>00000nam a2200000 a 4500</marc:leader>
   <marc:datafield ind1="1" ind2=" " tag="100">
      <marc:subfield code="a">Larbig, Manuel</marc:subfield>
      <marc:subfield code="4">aut</marc:subfield>
      <marc:subfield code="e">Verfasser/-in</marc:subfield>
   </marc:datafield>
   <marc:datafield ind1=" " ind2=" " tag="653">
      <marc:subfield code="a">Wissenschaftlich</marc:subfield>
   </marc:datafield>
   <marc:datafield ind1=" " ind2=" " tag="653">
      <marc:subfield code="a">Wildkräuter</marc:subfield>
   </marc:datafield>
   <marc:datafield ind1=" " ind2=" " tag="653">
      <marc:subfield code="a">Bestimmen will</marc:subfield>
   </marc:datafield>
   <marc:datafield ind1=" " ind2=" " tag="653">
      <marc:subfield code="a">Anekdoten</marc:subfield>
   </marc:datafield>
   <marc:datafield ind1=" " ind2=" " tag="653">
      <marc:subfield code="a">Essen herstellen</marc:subfield>
   </marc:datafield>
   <marc:datafield ind1="0" ind2="0" tag="245">
      <marc:subfield code="a">Mein Wildkräuter-Guide</marc:subfield>
   </marc:datafield>
   <marc:datafield ind1="0" ind2="0" tag="245">
      <marc:subfield code="b">von Rauke, Rapunzel und anderen schmackhaften Entdeckungen am Wegesrand</marc:subfield>
   </marc:datafield>
   <marc:datafield ind1="0" ind2="0" tag="245">
      <marc:subfield code="c">Manuel Larbig</marc:subfield>
   </marc:datafield>
   <marc:datafield ind1=" " ind2="1" tag="264">
      <marc:subfield code="a">München</marc:subfield>
      <marc:subfield code="b">Penguin Verl.</marc:subfield>
      <marc:subfield code="c">2021</marc:subfield>
   </marc:datafield>
   <marc:datafield ind1="1" ind2=" " tag="520">
      <marc:subfield code="a">Quelle: bn.bibliotheksnachrichten (http://www.biblio.at/literatur/bn/index.html); &lt;br/&gt;Autor: Christoph Stitz; &lt;br/&gt;Wildkräuter finden und bestimmen. (VL)&lt;br/&gt;Wo finde ich was, wann soll ich es ernten, wieviel darf ich pflücken, worauf muss ich beim Verzehr achten? Auf diese und viele weitere Fragen hat der Biologe Manuel Larbig eine Antwort parat. Inhaltsstoffe wie Flavonoide, Gerbstoffe oder ätherische Öle - um nur einige zu nennen - und deren Wirkung werden erläutert, welche Auswirkungen Böden haben können, was werdende Mütter beachten sollten, oder welche Verwechslungsmöglichkeiten es gibt, wird ebenfalls thematisiert. Weiters kommt auch der rechtliche Aspekt - zumindest für Deutschland - zur Sprache: Worin sich z. B. ein Landschafts- von einem Naturschutzgebiet unterscheidet. Ein weiterer Schwerpunkt ist die Pflanzenbestimmung. In "Steckbriefen" werden zu guter Letzt die wichtigsten Wildkräuter-Vertreter, die wir in Städten, Wiesen und Wäldern finden können, vorgestellt.&lt;br/&gt;Larbig ist es gelungen, sein umfangreiches Expertenwissen gut gegliedert, leicht verständlich und stets aufschlussreich zu gestalten. Er findet eine gute Balance zwischen wissenschaftlichem Diskurs und praxisnahen Erfahrungen, die er während seiner Kräuterführungen gemacht hat. Auch auf Rezepte hat er nicht vergessen. Unter den zahlreichen Illustrationen finden sich nur ein paar weniger gelungene Ausreißer.&lt;br/&gt;Per Angabe einer Internetadresse bietet Larbig weiterführende Recherchemöglichkeiten. Mit viel Liebe fürs Detail verfasst, abwechslungsreich und interessant.</marc:subfield>
   </marc:datafield>
   <marc:datafield ind1=" " ind2=" " tag="020">
      <marc:subfield code="a">9783328107002</marc:subfield>
      <marc:subfield code="9">9783328107002</marc:subfield>
   </marc:datafield>
   <marc:datafield ind1=" " ind2=" " tag="041">
      <marc:subfield code="a">ger</marc:subfield>
   </marc:datafield>
   <marc:datafield ind1="1" ind2=" " tag="521">
      <marc:subfield code="a">0</marc:subfield>
   </marc:datafield>
   <marc:datafield ind1=" " ind2=" " tag="300">
      <marc:subfield code="a">333 S.</marc:subfield>
   </marc:datafield>
</marc:record>
